header

Handbook of dermatology (Record no. 67423)

MARC details
000 -LEADER
fixed length control field 01252nam a2200301Ia 4500
245 00 - TITLE STATEMENT
Title Handbook of dermatology
260 ## - PUBLICATION, DISTRIBUTION, ETC. (IMPRINT)
Place of publication Chichester, UK ;
-- Hoboken, NJ :
Name of publisher Wiley-Blackwell,
Year of publication 2009.
300 ## - PHYSICAL DESCRIPTION
Number of Pages xvi, 299 p., [3] p. :
Other physical details ill.
650 #0 - SUBJECT ADDED ENTRY--TOPICAL TERM
Topical Term Dermatology
Topical Term Skin
700 1# - ADDED ENTRY--PERSONAL NAME
Personal name Mann, Margaret W.
856 40 - ELECTRONIC LOCATION AND ACCESS
Uniform Resource Identifier http://site.ebrary.com/lib/rucke/Doc?id=10301105

No items available.

© 2026 Rongo University
Contact us: librarian | system librarian | Rongo university